[Event "Muensterland Verbandsklasse 2122"]
[Site "Germany"]
[Date "2021.11.06"]
[Round "2.3"]
[White "Schoewer, Torsten"]
[Black "Boshe Plois, Stefan"]
[Result "1/2-1/2"]
[WhiteElo "1719"]
[BlackElo "1838"]
[PlyCount "170"]
[EventDate "2021.09.25"]
[EventType "team-tourn"]
[EventRounds "2"]
[EventCountry "GER"]
[SourceTitle "EXT 2023"]
[Source "ChessBase"]
[SourceDate "2022.10.05"]
[SourceVersion "1"]
[SourceVersionDate "2022.10.05"]
[SourceQuality "1"]
[WhiteTeam "Gronau II"]
[BlackTeam "Ochtrup"]
[WhiteTeamCountry "GER"]
[BlackTeamCountry "GER"]

1. Nf3 d5 2. c4 e6 3. e3 Nf6 4. d4 c6 5. Nbd2 Nbd7 6. Bd3 dxc4 7. Nxc4 b5 8. Nce5 c5 9. 0-0 c4 10. Be2 a6 11. a4 Bb7 12. axb5 axb5 13. Rxa8 Qxa8 14. Nxd7 Nxd7 15. b3 Bd5 16. bxc4 bxc4 17. Qc2 Nb6 18. Bd2 Bd6 19. Qb2 Qc6 20. Ba5 Nd7 21. Rc1 0-0 22. Ne1 Ra8 23. Qc3 Qb5 24. Ra1 Bb4 25. Bxb4 Rxa1 26. Qxa1 Qxb4 27. Nc2 Qd2 28. Qd1 c3 29. f3 Qxd1+ 30. Bxd1 Bc4 31. Na3 Ba6 32. Nb1 Nb6 33. Nxc3 f5 34. Bb3 Kf7 35. Kf2 Nc4 36. Na4 Kf6 37. Nc5 Bb5 38. e4 fxe4 39. fxe4 Nd2 40. Ba2 Bc4 41. Bxc4 Nxc4 42. Ke2 e5 43. d5 Ke7 44. Ne6 g6 45. Ng5 h6 46. Nf3 Kf6 47. Nd2 Nd6 48. g3 Ke7 49. Kd3 Kf6 50. h3 h5 51. h4 g5 52. hxg5+ Kxg5 53. Nc4 Nf7 54. Ke3 h4 55. gxh4+ Kxh4 56. Nb6 Kg5 57. Nd7 Kg4 58. Nc5 Kg5 59. Nb7 Kf6 60. Kd3 Ke7 61. Nc5 Kd6 62. Ne6 Ke7 63. Ng7 Ng5 64. Nh5 Kd6 65. Ng3 Ke7 66. Kc3 Kd7 67. Kb4 Kd6 68. Kc4 Kd7 69. Kc5 Nf7 70. Nf1 Kc7 71. Nd2 Nd6 72. Kb4 Kd7 73. Ka5 Nb7+ 74. Kb6 Nd6 75. Kc5 Kc7 76. Kb4 Kd7 77. Kc3 Ke7 78. Kd3 Kf6 79. Nb1 Ke7 80. Nc3 Kf6 81. Ke3 Kg5 82. Kf3 Kh4 83. Nd1 Kg5 84. Ne3 Kg6 85. Ng4 Nf7 1/2-1/2

[Event "Muensterland Verbandsklasse 1516"]
[Site "Germany"]
[Date "2015.12.19"]
[Round "4.3"]
[White "Boshe Plois, Stefan"]
[Black "Lanfer, Stefanie"]
[Result "0-1"]
[WhiteElo "1763"]
[BlackElo "1810"]
[PlyCount "100"]
[EventDate "2015.09.19"]
[EventType "team"]
[EventRounds "9"]
[EventCountry "GER"]
[SourceTitle "EXT 2017"]
[Source "ChessBase"]
[SourceDate "2016.10.25"]
[SourceVersion "1"]
[SourceVersionDate "2016.10.25"]
[SourceQuality "1"]
[WhiteTeam "Ochtrup"]
[BlackTeam "Gescher"]
[WhiteTeamCountry "GER"]
[BlackTeamCountry "GER"]

1. e4 c6 2. d4 d5 3. Nc3 dxe4 4. Nxe4 Nf6 5. Nxf6+ gxf6 6. c3 Bf5 7. Bd3 Bg6 8. Bxg6 hxg6 9. Bf4 Qd5 10. Qf3 Nd7 11. Qxd5 cxd5 12. Nf3 Bh6 13. Bxh6 Rxh6 14. 0-0-0 Nb6 15. h3 Nc4 16. Kc2 0-0-0 17. Rhe1 e6 18. Nd2 Nd6 19. a4 Rhh8 20. b3 Rhe8 21. c4 dxc4 22. bxc4 Nf5 23. Nf3 Re7 24. Re2 Red7 25. Kc3 Rc7 26. Kb4 Kb8 27. a5 Rdc8 28. Rc1 Ne7 29. Rec2 Nc6+ 30. Kb5 a6+ 31. Ka4 Rd8 32. Rd2 Ne7 33. Kb4 Nd5+ 34. Kb3 Nf4 35. Ne1 e5 36. d5 Rxd5 37. cxd5 Rxc1 38. Nd3 Nxd3 39. Rxd3 Rc5 40. d6 Kc8 41. d7+ Kd8 42. Kb4 Rc7 43. h4 f5 44. f3 e4 45. fxe4 fxe4 46. Rd4 f5 47. Rd6 Rc6 48. Rd2 f4 49. Re2 Re6 50. Rd2 e3 0-1

[Event "Muensterland Verbandsklasse 1415"]
[Site "Germany"]
[Date "2015.01.10"]
[Round "5.3"]
[White "Boshe Plois, Stefan"]
[Black "Richters, Alfred"]
[Result "1-0"]
[WhiteElo "1778"]
[BlackElo "1896"]
[PlyCount "61"]
[EventDate "2014.09.13"]
[EventType "team-tourn"]
[EventRounds "9"]
[EventCountry "GER"]
[SourceTitle "EXT 2016"]
[Source "ChessBase"]
[SourceDate "2015.10.08"]
[SourceVersion "1"]
[SourceVersionDate "2015.10.08"]
[SourceQuality "1"]
[WhiteTeam "Ochtrup"]
[BlackTeam "Suedlohn II"]
[WhiteTeamCountry "GER"]
[BlackTeamCountry "GER"]

1. e4 e6 2. Nf3 d5 3. Nc3 Nf6 4. e5 Nfd7 5. d4 c5 6. dxc5 Bxc5 7. Bd3 f6 8. Qe2 0-0 9. exf6 Nxf6 10. Bg5 Bb4 11. 0-0 Nc6 12. Nb5 a6 13. Nbd4 Nxd4 14. Nxd4 Qb6 15. c3 Bc5 16. Nf3 Bd6 17. Ne5 Bxe5 18. Qxe5 Qxb2 19. Bxf6 Rxf6 20. Qh5 h6 21. Qe8+ Rf8 22. Bh7+ Kxh7 23. Qxf8 Qb6 24. Rad1 Qc6 25. Rd3 b5 26. Rg3 Ra7 27. Re1 Rc7 28. Re5 d4 29. Rh5 dxc3 30. Rxh6+ Kxh6 31. Qh8# 1-0

[Event "Muensterland Verbandsliga 1314"]
[Site "Germany"]
[Date "2014.02.01"]
[Round "6.3"]
[White "Berning, Thomas"]
[Black "Boshe Plois, Stefan"]
[Result "1-0"]
[WhiteElo "1815"]
[BlackElo "1798"]
[PlyCount "61"]
[EventDate "2013.09.07"]
[EventType "team-tourn"]
[EventRounds "9"]
[EventCountry "GER"]
[SourceTitle "EXT 2015"]
[Source "ChessBase"]
[SourceDate "2014.11.20"]
[SourceVersion "1"]
[SourceVersionDate "2014.11.20"]
[SourceQuality "1"]
[WhiteTeam "Ostbevern Westbevern"]
[BlackTeam "Ochtrup"]
[WhiteTeamCountry "GER"]
[BlackTeamCountry "GER"]

1. e4 c5 2. Nf3 Nc6 3. d4 cxd4 4. Nxd4 g6 5. Be3 Bg7 6. Nc3 Nf6 7. Bc4 Qa5 8. 0-0 Qb4 9. Bb3 Nxe4 10. Nxc6 bxc6 11. Nxe4 Qxe4 12. c3 0-0 13. Re1 Qf5 14. Qe2 e6 15. Rad1 d5 16. Qd2 Bb7 17. f3 Rfd8 18. Bc2 Qf6 19. Bg5 Bh6 20. Bxf6 Bxd2 21. Rxd2 Rd7 22. g4 Re8 23. h4 Bc8 24. Ba4 Bb7 25. h5 e5 26. Rxe5 Rxe5 27. Bxe5 Re7 28. Bd4 a6 29. hxg6 fxg6 30. Kf2 Kf7 31. Rd1 1-0

[Event "Muensterland Verbandsliga 1213"]
[Site "Germany"]
[Date "2013.05.04"]
[Round "9.6"]
[White "Bruemmer, Andreas"]
[Black "Boshe Plois, Stefan"]
[Result "1-0"]
[WhiteElo "1900"]
[BlackElo "1821"]
[PlyCount "99"]
[EventDate "2012.09.22"]
[EventType "team-tourn"]
[EventRounds "9"]
[EventCountry "GER"]
[SourceTitle "EXT 2015"]
[Source "ChessBase"]
[SourceDate "2014.11.20"]
[SourceVersion "1"]
[SourceVersionDate "2014.11.20"]
[SourceQuality "1"]
[WhiteTeam "Rheine Klein Berlin"]
[BlackTeam "Ochtrup"]
[WhiteTeamCountry "GER"]
[BlackTeamCountry "GER"]

1. d4 f5 2. Bg5 h6 3. Bh4 g6 4. e4 d6 5. Bd3 c6 6. exf5 Bxf5 7. g4 Bxd3 8. Qxd3 Qa5+ 9. Nc3 g5 10. Qg6+ Kd8 11. Bg3 Nd7 12. 0-0-0 Ngf6 13. h3 Kc7 14. Nf3 Rg8 15. Qf7 Re8 16. Rhe1 e6 17. Rxe6 Rg7 18. Rxd6 Rxf7 19. Rxf6+ Kc8 20. Rxf7 Bb4 21. d5 c5 22. Rxd7 Kxd7 23. Ne5+ Kd8 24. Nc4 Qa6 25. Nd6 Bxc3 26. Nxe8 Bxb2+ 27. Kxb2 Qb5+ 28. Kc1 Kxe8 29. d6 Kd7 30. Re1 Qb4 31. Re3 c4 32. a3 Qa5 33. Kb2 Qb5+ 34. Kc3 Qc5 35. Re7+ Kd8 36. Rxb7 Qxa3+ 37. Kd4 c3 38. Rc7 a5 39. Rxc3 Qb4+ 40. Rc4 Qb6+ 41. Kd5 a4 42. Ke6 Qb7 43. Rc7 Qe4+ 44. Be5 a3 45. f3 Qe2 46. Rd7+ Ke8 47. Ra7 Qc4+ 48. Kf6 a2 49. d7+ Kd8 50. Kg7 1-0

[Event "Muensterland Verbandsliga 1213"]
[Site "Germany"]
[Date "2013.04.13"]
[Round "8.6"]
[White "Boshe Plois, Stefan"]
[Black "Haas, Kai Markus"]
[Result "0-1"]
[WhiteElo "1821"]
[BlackElo "1923"]
[PlyCount "72"]
[EventDate "2012.09.22"]
[EventType "team-tourn"]
[EventRounds "9"]
[EventCountry "GER"]
[SourceTitle "EXT 2015"]
[Source "ChessBase"]
[SourceDate "2014.11.20"]
[SourceVersion "1"]
[SourceVersionDate "2014.11.20"]
[SourceQuality "1"]
[WhiteTeam "Ochtrup"]
[BlackTeam "Sendenhorst"]
[WhiteTeamCountry "GER"]
[BlackTeamCountry "GER"]

1. e4 d5 2. exd5 Nf6 3. d4 Bg4 4. Be2 Bxe2 5. Nxe2 Qxd5 6. 0-0 Nc6 7. b3 0-0-0 8. c4 Qh5 9. Bb2 e6 10. Nd2 Bd6 11. h3 Rd7 12. Nf3 Rhd8 13. Qc1 Kb8 14. a3 Qf5 15. c5 Bf8 16. b4 a6 17. Qc3 Ne4 18. Qb3 Qd5 19. Qe3 g5 20. Nc3 Nxc3 21. Bxc3 h6 22. a4 Bg7 23. Rfd1 e5 24. dxe5 Qb3 25. Nd4 Nxd4 26. Rxd4 Rxd4 27. Bxd4 Qxb4 28. Bc3 Qc4 29. Be1 Qd4 30. Qxd4 Rxd4 31. f3 Bxe5 32. Bf2 Rc4 33. Rd1 Kc8 34. Rd5 f6 35. a5 c6 36. Rd3 Rc1+ 0-1

[Event "Muensterland Verbandsliga 1213"]
[Site "Germany"]
[Date "2013.03.09"]
[Round "7.6"]
[White "Boshe Plois, Stefan"]
[Black "Willermann, Norbert"]
[Result "1-0"]
[WhiteElo "1821"]
[BlackElo "1705"]
[PlyCount "57"]
[EventDate "2012.09.22"]
[EventType "team-tourn"]
[EventRounds "9"]
[EventCountry "GER"]
[SourceTitle "EXT 2015"]
[Source "ChessBase"]
[SourceDate "2014.11.20"]
[SourceVersion "1"]
[SourceVersionDate "2014.11.20"]
[SourceQuality "1"]
[WhiteTeam "Ochtrup"]
[BlackTeam "Ostbevern Westbevern"]
[WhiteTeamCountry "GER"]
[BlackTeamCountry "GER"]

1. e4 c5 2. g3 d6 3. Bg2 Nf6 4. d3 g6 5. f4 Bg7 6. Nf3 0-0 7. 0-0 Nc6 8. Nc3 Nh5 9. Be3 f5 10. Nh4 e5 11. fxe5 fxe4 12. exd6 exd3 13. Qxd3 Nd4 14. Ne4 Bf5 15. c3 Ne6 16. Nxf5 Rxf5 17. Rxf5 gxf5 18. Nxc5 Nxc5 19. Bxc5 Qd7 20. Re1 Bf8 21. Qd5+ Kh8 22. Qxb7 Qxb7 23. Bxb7 Rd8 24. Rd1 Nf6 25. b4 Ne4 26. Bd4+ Bg7 27. Bxg7+ Kxg7 28. Bxe4 fxe4 29. c4 1-0

[Event "Muensterland Verbandsliga 1213"]
[Site "Germany"]
[Date "2013.02.02"]
[Round "6.6"]
[White "Gottkehaskamp, Stefan"]
[Black "Boshe Plois, Stefan"]
[Result "1/2-1/2"]
[WhiteElo "1925"]
[BlackElo "1821"]
[PlyCount "62"]
[EventDate "2012.09.22"]
[EventType "team-tourn"]
[EventRounds "9"]
[EventCountry "GER"]
[SourceTitle "EXT 2015"]
[Source "ChessBase"]
[SourceDate "2014.11.20"]
[SourceVersion "1"]
[SourceVersionDate "2014.11.20"]
[SourceQuality "1"]
[WhiteTeam "Nienberge"]
[BlackTeam "Ochtrup"]
[WhiteTeamCountry "GER"]
[BlackTeamCountry "GER"]

1. d4 f5 2. Bf4 Nf6 3. e3 e6 4. Bd3 Be7 5. Nc3 d5 6. h3 c6 7. Nf3 0-0 8. 0-0 h6 9. Ne5 Qe8 10. Rb1 Nbd7 11. b4 Nxe5 12. Bxe5 b5 13. Ne2 Bd7 14. c3 Qf7 15. Qc2 g5 16. f3 Be8 17. g4 Nd7 18. Bh2 Nb6 19. Be5 a6 20. Ng3 Nc4 21. Rbe1 Nxe5 22. dxe5 f4 23. Nh5 Kh8 24. e4 Qg8 25. Qg2 Bxh5 26. gxh5 Qf7 27. Qg4 Rfb8 28. exd5 cxd5 29. Bg6 Qg8 30. Qg2 Rc8 31. Qd2 Rc6 1/2-1/2

[Event "Muensterland Verbandsliga 1213"]
[Site "Germany"]
[Date "2012.12.22"]
[Round "4.7"]
[White "Boshe Plois, Stefan"]
[Black "Broemmel, Chris"]
[Result "1/2-1/2"]
[WhiteElo "1821"]
[BlackElo "1780"]
[PlyCount "62"]
[EventDate "2012.09.22"]
[EventType "team-tourn"]
[EventRounds "9"]
[EventCountry "GER"]
[SourceTitle "EXT 2015"]
[Source "ChessBase"]
[SourceDate "2014.11.20"]
[SourceVersion "1"]
[SourceVersionDate "2014.11.20"]
[SourceQuality "1"]
[WhiteTeam "Ochtrup"]
[BlackTeam "Raesfeld Erle"]
[WhiteTeamCountry "GER"]
[BlackTeamCountry "GER"]

1. e4 d5 2. exd5 Qxd5 3. Nc3 Qa5 4. d4 Nf6 5. Nf3 Bg4 6. Be2 e6 7. 0-0 Be7 8. Be3 0-0 9. h3 Bh5 10. Nd2 Bxe2 11. Qxe2 Nd5 12. Nxd5 Qxd5 13. Rfe1 c5 14. dxc5 Bxc5 15. c4 Qc6 16. Bxc5 Qxc5 17. Ne4 Qc7 18. Rad1 Nc6 19. Qc2 Rad8 20. Ng5 g6 21. Qc3 Rxd1 22. Rxd1 Qf4 23. Nf3 Rd8 24. Rxd8+ Nxd8 25. Ne5 Nc6 26. Nxc6 bxc6 27. c5 h5 28. b3 Qe4 29. Qa5 Kg7 30. Qc3+ Kg8 31. a4 Qd5 1/2-1/2

[Event "Muensterland Verbandsliga 1112"]
[Site "Germany"]
[Date "2012.03.17"]
[Round "8.7"]
[White "Boeing, Frank"]
[Black "Boshe Plois, Stefan"]
[Result "1-0"]
[WhiteElo "1849"]
[BlackElo "1766"]
[PlyCount "91"]
[EventDate "2011.09.24"]
[EventType "team-tourn"]
[EventRounds "9"]
[EventCountry "GER"]
[SourceTitle "EXT 2013"]
[Source "ChessBase"]
[SourceDate "2012.11.22"]
[SourceVersion "1"]
[SourceVersionDate "2012.11.22"]
[SourceQuality "1"]
[WhiteTeam "Bocholt"]
[BlackTeam "Ochtrup"]
[WhiteTeamCountry "GER"]
[BlackTeamCountry "GER"]

1. d4 f5 2. c4 g6 3. Nc3 Nf6 4. Nf3 Bg7 5. e3 d6 6. Be2 0-0 7. 0-0 Qe8 8. Bd2 e5 9. Qb3 e4 10. Ne1 c6 11. g3 Rf7 12. Ng2 Bf8 13. Rad1 Rg7 14. Rfe1 g5 15. f4 h6 16. Rc1 Na6 17. a3 Nh5 18. Qd1 Nf6 19. Qb3 gxf4 20. Nxf4 h5 21. Kf2 Nc7 22. Rh1 Ne6 23. Rcg1 Ng4+ 24. Kf1 Ng5 25. Qd1 Rh7 26. Rg2 b6 27. Rhg1 Ba6 28. Qa4 Bb7 29. Qb3 Rd8 30. c5+ d5 31. cxb6 Nf3 32. Bxf3 exf3 33. Rf2 Ba6+ 34. Ke1 Nxf2 35. Kxf2 Rb8 36. Qa4 Rxb6 37. Ncxd5 Bb5 38. Nf6+ Kh8 39. Qc2 Qf7 40. Nxh7 Qxh7 41. Bc3 Bd6 42. Kxf3 Kg8 43. Qb3+ Kf8 44. Qe6 Bxf4 45. gxf4 Bd3 46. Qc8+ 1-0

[Event "Muensterland Verbandsliga 1112"]
[Site "Germany"]
[Date "2012.02.25"]
[Round "7.7"]
[White "Berning, Thomas"]
[Black "Boshe Plois, Stefan"]
[Result "0-1"]
[WhiteElo "1774"]
[BlackElo "1766"]
[PlyCount "70"]
[EventDate "2011.09.24"]
[EventType "team-tourn"]
[EventRounds "9"]
[EventCountry "GER"]
[SourceTitle "EXT 2013"]
[Source "ChessBase"]
[SourceDate "2012.11.22"]
[SourceVersion "1"]
[SourceVersionDate "2012.11.22"]
[SourceQuality "1"]
[WhiteTeam "Ostbevern Westbevern"]
[BlackTeam "Ochtrup"]
[WhiteTeamCountry "GER"]
[BlackTeamCountry "GER"]

1. e4 c5 2. Nf3 Nc6 3. Nc3 g6 4. d4 cxd4 5. Nxd4 Bg7 6. Be3 Nf6 7. Bc4 Qa5 8. 0-0 Qb4 9. Nxc6 Qxc4 10. Nd4 a6 11. f3 0-0 12. Qd2 Rd8 13. b3 Qc7 14. Rae1 b5 15. a4 b4 16. Nd1 d5 17. e5 Nd7 18. f4 a5 19. e6 Nc5 20. exf7+ Kxf7 21. f5 Kg8 22. fxg6 hxg6 23. Nf2 e5 24. Nb5 Qc6 25. Bh6 e4 26. Bxg7 Kxg7 27. Qd4+ Kh7 28. Nxe4 Nxe4 29. Rxe4 dxe4 30. Qxd8 Bf5 31. Qe7+ Kg8 32. Nd6 Qc5+ 33. Kh1 Ra7 34. Nxf5 Rxe7 35. Nxe7+ Qxe7 0-1

[Event "Muensterland Verbandsliga 1112"]
[Site "Germany"]
[Date "2012.01.07"]
[Round "5.6"]
[White "Boshe Plois, Stefan"]
[Black "Hater, Wolfgang"]
[Result "0-1"]
[WhiteElo "1766"]
[BlackElo "2058"]
[PlyCount "80"]
[EventDate "2011.09.24"]
[EventType "team-tourn"]
[EventRounds "9"]
[EventCountry "GER"]
[SourceTitle "EXT 2013"]
[Source "ChessBase"]
[SourceDate "2012.11.22"]
[SourceVersion "1"]
[SourceVersionDate "2012.11.22"]
[SourceQuality "1"]
[WhiteTeam "Ochtrup"]
[BlackTeam "Suedlohn"]
[WhiteTeamCountry "GER"]
[BlackTeamCountry "GER"]

1. e4 e5 2. Nf3 Nc6 3. Bc4 Be7 4. Nc3 Nf6 5. d4 d6 6. h3 0-0 7. Be3 a6 8. a4 Qe8 9. 0-0 Nd7 10. Ne2 Bf6 11. d5 Ne7 12. b4 g6 13. Bb3 Bg7 14. c4 h6 15. Nd2 f5 16. f3 f4 17. Bf2 g5 18. c5 h5 19. cxd6 cxd6 20. Nc4 Qg6 21. Kh1 Kh8 22. Rc1 Ng8 23. Qd2 Nh6 24. Na5 g4 25. Rc7 Nf6 26. Rg1 Ne8 27. Rc3 Qf6 28. Qe1 g3 29. Bb6 Qh4 30. Qf1 Nf7 31. Rxc8 Rxc8 32. Nc1 Ng5 33. Nd3 Rc3 34. Bc4 Nf6 35. Bc7 Ne8 36. Bb6 Rf7 37. Bd8 Bf6 38. Bb6 Ra3 39. Bb3 Ra1 40. Nxf4 exf4 0-1

[Event "Muensterland Verbandsliga 1112"]
[Site "Germany"]
[Date "2011.10.15"]
[Round "2.6"]
[White "Leidig, Andreas"]
[Black "Boshe Plois, Stefan"]
[Result "0-1"]
[WhiteElo "1718"]
[BlackElo "1766"]
[PlyCount "92"]
[EventDate "2011.09.24"]
[EventType "team-tourn"]
[EventRounds "9"]
[EventCountry "GER"]
[SourceTitle "EXT 2013"]
[Source "ChessBase"]
[SourceDate "2012.11.22"]
[SourceVersion "1"]
[SourceVersionDate "2012.11.22"]
[SourceQuality "1"]
[WhiteTeam "Heiden"]
[BlackTeam "Ochtrup"]
[WhiteTeamCountry "GER"]
[BlackTeamCountry "GER"]

1. e4 c5 2. Nf3 Nc6 3. d4 cxd4 4. Nxd4 g6 5. Nc3 Bg7 6. Be3 Nf6 7. Be2 0-0 8. Nb3 d6 9. 0-0 a6 10. f4 b5 11. Bf3 Bb7 12. Qd2 Qc7 13. Rad1 Rac8 14. g4 Nb8 15. a3 Nbd7 16. g5 Ne8 17. Bd4 e5 18. Bf2 exf4 19. Qxf4 Be5 20. Qg4 Bxc3 21. bxc3 Ne5 22. Qg2 Nxf3+ 23. Qxf3 Qxc3 24. Rd3 Qe5 25. Re3 Qxg5+ 26. Bg3 d5 27. Nd4 dxe4 28. Qf2 Ng7 29. h4 Qd5 30. c3 Nh5 31. Bh2 f5 32. Ne2 Rf7 33. Bf4 Nxf4 34. Nxf4 Qe5 35. Qg3 Qe7 36. Kh2 Rd8 37. Rg1 Rd2+ 38. Kh1 Rg7 39. Qe1 Rc2 40. h5 g5 41. h6 Rf7 42. Rxg5+ Qxg5 43. Rg3 e3+ 44. Kg1 Rg7 45. Rxg5 Rxg5+ 46. Kf1 Rf2+ 0-1

[Event "Muensterland Verbandsliga 1011"]
[Site "Germany"]
[Date "2011.05.14"]
[Round "9.5"]
[White "Schlitter, Klaus"]
[Black "Boshe Plois, Stefan"]
[Result "1-0"]
[WhiteElo "1818"]
[BlackElo "1848"]
[PlyCount "67"]
[EventDate "2010.09.25"]
[EventType "team-tourn"]
[EventRounds "9"]
[EventCountry "GER"]
[SourceTitle "EXT 2012"]
[Source "ChessBase"]
[SourceDate "2011.11.24"]
[SourceVersion "1"]
[SourceVersionDate "2011.11.24"]
[SourceQuality "1"]
[WhiteTeam "Steinfurt"]
[BlackTeam "Ochtrup"]
[WhiteTeamCountry "GER"]
[BlackTeamCountry "GER"]

1. Nf3 g6 2. g3 Bg7 3. Bg2 d6 4. c4 e5 5. Nc3 Nc6 6. d3 f5 7. Bg5 Nge7 8. Nd5 0-0 9. Qd2 Be6 10. Rc1 Qd7 11. Nxe7+ Nxe7 12. Bh6 e4 13. dxe4 fxe4 14. Nd4 Bxh6 15. Qxh6 d5 16. Nxe6 Qxe6 17. 0-0 c6 18. cxd5 cxd5 19. Rc7 Rf7 20. Bh3 Qb6 21. Qc1 Raf8 22. Qc5 Nf5 23. Qxb6 axb6 24. Rfc1 Nd4 25. Rxf7 Rxf7 26. Rd1 Nf5 27. Rxd5 Kg7 28. Bxf5 gxf5 29. Rd6 Rc7 30. Rxb6 Kf7 31. Kf1 Rc1+ 32. Kg2 Rc2 33. Rxb7+ Ke6 34. e3 1-0

[Event "Muensterland Verbandsklasse-B 0910"]
[Site "Germany"]
[Date "2010.01.09"]
[Round "5.4"]
[White "Kornick, Ulrich"]
[Black "Boshe Plois, Stefan"]
[Result "1/2-1/2"]
[WhiteElo "1843"]
[BlackElo "1851"]
[PlyCount "128"]
[EventDate "2009.09.19"]
[EventType "team-tourn"]
[EventRounds "9"]
[EventCountry "GER"]
[SourceTitle "EXT 2011"]
[Source "ChessBase"]
[SourceDate "2010.11.26"]
[SourceVersion "1"]
[SourceVersionDate "2010.11.26"]
[SourceQuality "1"]
[WhiteTeam "Rheine Klein Berlin II"]
[BlackTeam "Ochtrup"]
[WhiteTeamCountry "GER"]
[BlackTeamCountry "GER"]

1. d4 Nf6 2. Nf3 g6 3. b3 Bg7 4. Bb2 0-0 5. Nbd2 d6 6. e4 c5 7. dxc5 dxc5 8. Bd3 Nc6 9. 0-0 Qc7 10. h3 b6 11. a4 Bb7 12. Re1 Rad8 13. Qb1 Nd4 14. Nxd4 cxd4 15. a5 Qf4 16. Re2 b5 17. a6 Bc6 18. Ba3 Rfe8 19. Bc5 Qc7 20. b4 Nd7 21. Nb3 e5 22. Qa2 Nxc5 23. bxc5 Bf8 24. Qa5 Qd7 25. Rd2 Rb8 26. c3 Qe6 27. Qb4 dxc3 28. Qxc3 Rec8 29. Qb4 Rc7 30. Ra5 Qe8 31. Nc1 Bd7 32. Rc2 Qc8 33. Nb3 Be6 34. Rxb5 Rxb5 35. Qxb5 Bxb3 36. Qxb3 Rxc5 37. Rxc5 Qxc5 38. Bc4 Qc7 39. Qb5 Bd6 40. g3 Qb8 41. Qd7 Qc7 42. Bxf7+ Kg7 43. Qxc7 Bxc7 44. Be8 g5 45. Kg2 Kf6 46. Kf3 Bb6 47. Kg2 h6 48. f3 Be3 49. Kf1 Ke7 50. Bc6 Bc5 51. Ke2 Ke6 52. Bd5+ Kd7 53. f4 exf4 54. gxf4 gxf4 55. Kf3 Be3 56. e5 Ke7 57. Kg4 Bd2 58. Bf3 Ke6 59. Kh5 Kxe5 60. Kxh6 Be1 61. Kg5 Ke6 62. h4 Kf7 63. h5 Kg7 64. h6+ Kh8 1/2-1/2

[Event "Muensterland Verbandsklasse-B 0910"]
[Site "Germany"]
[Date "2009.12.19"]
[Round "4.5"]
[White "Kelecic, Dominik"]
[Black "Boshe Plois, Stefan"]
[Result "1/2-1/2"]
[WhiteElo "1739"]
[BlackElo "1851"]
[PlyCount "105"]
[EventDate "2009.09.19"]
[EventType "team-tourn"]
[EventRounds "9"]
[EventCountry "GER"]
[SourceTitle "EXT 2011"]
[Source "ChessBase"]
[SourceDate "2010.11.26"]
[SourceVersion "1"]
[SourceVersionDate "2010.11.26"]
[SourceQuality "1"]
[WhiteTeam "Suedlohn II"]
[BlackTeam "Ochtrup"]
[WhiteTeamCountry "GER"]
[BlackTeamCountry "GER"]

1. e4 c5 2. Nf3 Nc6 3. d4 cxd4 4. Nxd4 g6 5. Nc3 Bg7 6. Be3 Nf6 7. Bc4 Qa5 8. f3 0-0 9. Bb3 Rd8 10. Qd2 d5 11. Nxc6 bxc6 12. e5 Nd7 13. f4 Nb6 14. Ne2 Qxd2+ 15. Bxd2 c5 16. a3 Ba6 17. g4 f6 18. Bc3 fxe5 19. Bxe5 Bxe5 20. fxe5 Bxe2 21. Kxe2 c4 22. Ba2 Nd7 23. e6 Nc5 24. b3 cxb3 25. cxb3 Nxe6 26. b4 Nf4+ 27. Ke3 e5 28. Rac1 Rd7 29. Rc5 Kg7 30. Rd1 Rad8 31. Kf3 g5 32. b5 e4+ 33. Ke3 Nd3 34. Rc2 Re7 35. Kd4 Nf4 36. Ke3 d4+ 37. Rxd4 Rxd4 38. Kxd4 e3 39. Bc4 e2 40. Bxe2 Nxe2+ 41. Kd5 Nf4+ 42. Kd6 Re6+ 43. Kc7 Rb6 44. a4 Nd5+ 45. Kc8 Rf6 46. Kb7 a6 47. bxa6 Rxa6 48. Kxa6 Nb4+ 49. Kb6 Nxc2 50. a5 Nb4 51. Kb5 Nd5 52. Kc5 Nc7 53. Kc6 1/2-1/2

[Event "Muensterland Verbandsklasse-B 0910"]
[Site "Germany"]
[Date "2009.10.24"]
[Round "2.5"]
[White "Waeltermann, Thomas"]
[Black "Boshe Plois, Stefan"]
[Result "1/2-1/2"]
[WhiteElo "1747"]
[BlackElo "1851"]
[PlyCount "79"]
[EventDate "2009.09.19"]
[EventType "team-tourn"]
[EventRounds "9"]
[EventCountry "GER"]
[SourceTitle "EXT 2011"]
[Source "ChessBase"]
[SourceDate "2010.11.26"]
[SourceVersion "1"]
[SourceVersionDate "2010.11.26"]
[SourceQuality "1"]
[WhiteTeam "Beelen"]
[BlackTeam "Ochtrup"]
[WhiteTeamCountry "GER"]
[BlackTeamCountry "GER"]

1. e4 c5 2. Nf3 Nc6 3. c3 d6 4. d4 cxd4 5. cxd4 Nf6 6. Nc3 Bg4 7. Be2 g6 8. Be3 Bg7 9. 0-0 0-0 10. d5 Bxf3 11. Bxf3 Ne5 12. Be2 Rc8 13. Qb3 b6 14. Ba6 Rb8 15. Rac1 Ned7 16. Qc4 Nc5 17. f3 Nfd7 18. b4 Ne5 19. Qb5 Nxa6 20. Qxa6 Qc8 21. Qxa7 Nd3 22. Nb5 Nxc1 23. Rxc1 Qb7 24. Rc7 Qxa7 25. Rxa7 Bf6 26. a3 Rfc8 27. Ra6 Rb7 28. Bxb6 Rcb8 29. Bc7 Rxb5 30. Bxb8 Rxb8 31. Kf2 Bd4+ 32. Ke2 Kf8 33. Kd3 Bf2 34. Kc4 Ke8 35. b5 Kd7 36. a4 g5 37. a5 Be1 38. Ra7+ Kd8 39. b6 Bxa5 40. Rxa5 1/2-1/2

[Event "Muensterland Verbandsklasse-B 0809"]
[Site "Germany"]
[Date "2009.05.02"]
[Round "9.5"]
[White "Boshe Plois, Stefan"]
[Black "Leeners, Stephan"]
[Result "1-0"]
[WhiteElo "1825"]
[BlackElo "1490"]
[PlyCount "107"]
[EventDate "2008.09.13"]
[EventType "team-tourn"]
[EventRounds "9"]
[EventCountry "GER"]
[SourceTitle "EXT 2010"]
[Source "ChessBase"]
[SourceDate "2010.11.25"]
[SourceVersion "1"]
[SourceVersionDate "2010.11.25"]
[SourceQuality "1"]
[WhiteTeam "Ochtrup"]
[BlackTeam "Buldern"]
[WhiteTeamCountry "GER"]
[BlackTeamCountry "GER"]

1. e4 d6 2. d4 Nf6 3. Nc3 g6 4. Be2 Bg7 5. f4 0-0 6. g4 e5 7. dxe5 dxe5 8. Qxd8 Rxd8 9. f5 b6 10. Bg5 Bb7 11. Bd3 Na6 12. Nf3 Nc5 13. Bxf6 Nxd3+ 14. cxd3 Bxf6 15. 0-0-0 c5 16. Rhf1 Rac8 17. g5 Bg7 18. f6 Bf8 19. Nxe5 Bd6 20. Ng4 Bb8 21. Rf2 Rd4 22. Ne2 Rd6 23. Ne3 Rcd8 24. Nf4 R6d7 25. Nfd5 Be5 26. Ne7+ Kf8 27. N3d5 Bxd5 28. Nxd5 Re8 29. Rf3 Bd6 30. Rh3 Kg8 31. Rh4 Re5 32. Rg1 Kh8 33. Rgg4 Kg8 34. Rh3 Bf8 35. Rgh4 h6 36. gxh6 Kh7 37. Kc2 Rg5 38. Rg3 Rxg3 39. hxg3 Bd6 40. g4 Rd8 41. g5 Re8 42. Rg4 Re5 43. Ne3 Bb8 44. Nc4 Re8 45. a4 Bc7 46. b4 cxb4 47. d4 Rc8 48. Kb3 a5 49. e5 Bb8 50. d5 Bxe5 51. Nxe5 Rc3+ 52. Kb2 Re3 53. Nxf7 Re2+ 54. Kc1 1-0